000 00329nam a2200157 4500
001 46014
090 _a46014
100 _a20260421 pory50
101 _apor
102 _aPT
200 _aA Praia roubada
_fJoanne Harris
210 _aPorto
_cAsa
_d2022
215 _a398 p.
675 _a82-31
801 _aPT
_gRPC
990 _cLIVROS